Rychlost a směr větru na území České republiky v období 1961-1990 /

Hlavní autor: Sobíšek, Bořivoj, 1933-
Jazyk: Čeština
Vydáno: Praha : Český hydrometeorologický ústav, 2000
Vydání: 1. vyd.
Edice: Národní klimatický program České republiky
Témata:
Fyzický popis: 86 s. : il., mapy ; 30 cm
Knihy
Uloženo v:
LEADER 01654nam a2200457 a 4500
001 000560924
003 CZ BrMZK
005 20080916095443.0
007 ta
008 000115s2000 xr e cze d
015 |a cnb001001434 
020 |a 80-85813-79-3 
035 |a (OCoLC)50343996 
040 |a BOA001  |b cze 
043 |a e-xr--- 
072 7 |a 551  |x Geologie. Meteorologie. Klimatologie  |2 Konspekt  |9 7 
080 |a 551.59  |2 MRF 
080 |a 551.501  |2 MRF 
080 |a 551.55  |2 MRF 
080 |a (437.3)  |2 MRF 
080 |a (048.8)  |2 MRF 
080 |a (083.4)  |2 MRF 
100 1 |a Sobíšek, Bořivoj,  |d 1933-  |7 mzk2006337335 
245 1 0 |a Rychlost a směr větru na území České republiky v období 1961-1990 /  |c Bořivoj Sobíšek 
246 3 1 |a Wind speed and wind direction in the Czech Republic in the period of 1961-1990 
250 |a 1. vyd. 
260 |a Praha :  |b Český hydrometeorologický ústav,  |c 2000 
300 |a 86 s. :  |b il., mapy ;  |c 30 cm 
490 1 |a Národní klimatický program České republiky ;  |v sv. 29 
500 |a Název též anglicky 
500 |a Souhrn anglicky 
648 4 |a 1961-1990 
650 0 7 |a meteorologické jevy  |7 ph430275  |z Česko  |y 1961-1990  |2 czenas 
650 0 7 |a meteorologická měření  |7 ph162494  |z Česko  |y 1961-1990  |2 czenas 
650 0 7 |a vítr  |7 ph127399  |z Česko  |y 1961-1990  |2 czenas 
655 7 |a přehledy  |7 fd133202  |2 czenas 
655 7 |a tabulky  |7 fd133666  |2 czenas 
830 0 |a Národní klimatický program České republiky 
910 |a BOA001  |b 4-1085.132 
990 |a BK 
996 6 |b 2610134479  |c 4-1085.132  |l MZK  |r Sklad / do 1 hodiny  |n 12  |p p.v.  |w 000560924  |u 000010  |a 1  |e BOA001  |j MZK50  |s P